书目信息 |
| 题名: |
置信规划库专家系统与复杂系统建模
|
|
| 作者: | 周志杰 著 | |
| 分册: | ||
| 出版信息: | 北京 科学出版社 2011.3 |
|
| 页数: | 119页 | |
| 开本: | 24cm | |
| 丛书名: | ||
| 单 册: | ||
| 中图分类: | TP182 , N945.12 | |
| 科图分类: | ||
| 主题词: | 置信--专家系统--研究 , 系统建模--研究 | |
| 电子资源: | ||
| ISBN: | 978-7-03-030421-6 | |
| 000 | 00882nam0 2200265 450 | |
| 001 | 0400003656 | |
| 005 | 20171022111959.0 | |
| 010 | @a978-7-03-030421-6@dCNY40.00 | |
| 100 | @a20110428e20172011ekmy0chiy50 ea | |
| 101 | 0 | @achi |
| 102 | @aCN@b110000 | |
| 105 | @aak a 000yy | |
| 106 | @ar | |
| 200 | 1 | @a置信规划库专家系统与复杂系统建模@9zhi xin gui hua ku zhuan jia xi tong yu fu za xi tong jian mo@f周志杰 ... [等] 著 |
| 210 | @a北京@c科学出版社@d2011.3@h2017.2 | |
| 215 | @a119页@c图@d24cm | |
| 320 | @a有书目 (第102-106页) | |
| 330 | @a本书共分为六章,内容包括:从专家系统到置信规则库专家系统、基于证据推理算法的置信规则库专家系统推理方法等。 | |
| 606 | 0 | @a置信@x专家系统@x研究 |
| 606 | 0 | @a系统建模@x研究 |
| 690 | @aTP182@v4 | |
| 690 | @aN945.12@v4 | |
| 701 | 0 | @a周志杰@9zhou zhi jie@4著 |
| 801 | 0 | @aCN@b91MARC@c20171022 |
| 905 | @b1022885-9@dTP182@f5@e120 | |
| 置信规划库专家系统与复杂系统建模/周志杰 ... [等] 著.-北京:科学出版社,2011.3(2017.2) |
| 119页:图;24cm |
| ISBN 978-7-03-030421-6:CNY40.00 |
| 本书共分为六章,内容包括:从专家系统到置信规则库专家系统、基于证据推理算法的置信规则库专家系统推理方法等。 |
| ● |
| 相关链接 |
|
|
|
|
正题名:置信规划库专家系统与复杂系统建模
索取号:TP182/120
 
预约/预借
| 序号 | 登录号 | 条形码 | 馆藏地/架位号 | 状态 | 备注 |
| 1 | 1022885 | 210228859 | 第二样本阅览室/ [索取号:TP182/120] | 在馆 | |
| 2 | 1022886 | 210228868 | 第三借阅区/ [索取号:TP182/120] | 在馆 | |
| 3 | 1022887 | 210228877 | 第三借阅区/ [索取号:TP182/120] | 在馆 | |
| 4 | 1022888 | 210228886 | 第三借阅区/ [索取号:TP182/120] | 在馆 | |
| 5 | 1022889 | 210228895 | 密集书库—计算机科学学院/ [索取号:TP182/120] | 在馆 |